| 000 | 00576nam a2200181 4500 | ||
|---|---|---|---|
| 001 | 148235 | ||
| 003 | ES-MaACL | ||
| 005 | 20230906202517.0 | ||
| 007 | t| | ||
| 008 | 070214s1965 sp r ||||1| spa d | ||
| 100 | 1 |
_aStanley, Wendell M. _9107908 |
|
| 245 | 1 | 4 |
_aLos secretos de los virus y la naturaleza de la vida / _cWendell M. Stanley, Evans G. Valens ; versión de A. Jorne. |
| 260 |
_aBarcelona : _bToray, _c1965. |
||
| 300 |
_a226 p. : _bil. ; _c25 cm. |
||
| 700 | 1 |
_aValens, Evans G. _9112584 |
|
| 700 | 1 |
_aJorne, A. _966959 |
|
| 852 |
_aES-MaACL _jC-28419 _bR.57619 |
||
| 999 |
_c148235 _d148235 |
||